[Event "Titled Tue 3rd Jun Early"]
[Site "chess.com INT"]
[Date "2025.06.03"]
[Round "5"]
[White "Kislinsky, Alexey"]
[Black "Bryakin, Mikhail"]
[Result "1/2-1/2"]
[WhiteTitle "GM"]
[BlackTitle "GM"]
[WhiteElo "2350"]
[BlackElo "2444"]
[WhiteFideId "14108801"]
[BlackFideId "4165314"]
[EventDate "2025.06.03"]

1. d4 Nc6 2. c4 e5 3. dxe5 Bb4+ 4. Bd2 Bxd2+ 5. Qxd2 Nxe5 6. e3 d6 7. Nc3 Nf6 8.
Be2 O-O 9. Nf3 c6 10. h3 Be6 11. b3 Nxf3+ 12. Bxf3 Qe7 13. Rd1 Rad8 14. Qc2 d5
15. cxd5 Nxd5 16. Nxd5 Bxd5 17. Bxd5 cxd5 18. O-O Rc8 19. Qf5 Qa3 20. Qxd5 b6
21. Rd2 h6 22. Rfd1 Rc7 23. Qd6 Rc5 24. Qe7 Ra5 25. Qxa3 Rxa3 26. Rc2 h5 27. Rd7
g6 28. h4 Kg7 29. g3 Kf6 30. Rc6+ Kg7 31. Rcc7 Rxa2 32. Rxa7 Rxa7 33. Rxa7 Rd8
34. Rb7 Rd6 35. b4 Kf6 36. Kg2 Ke6 37. Kf3 Rc6 38. b5 Rd6 39. g4 hxg4+ 40. Kxg4
Kf6 41. e4 Kg7 42. f4 Rd4 43. e5 Rd1 44. Rxb6 Rg1+ 45. Kf3 Rf1+ 46. Kg3 Rg1+ 47.
Kf3 Rf1+ 48. Ke4 Re1+ 49. Kd3 Rf1 50. Ke3 Re1+ 51. Kf2 Rh1 52. Kg3 Rg1+ 53. Kf3 1/2-1/2

[Event "Titled Tue 3rd Jun Early"]
[Site "chess.com INT"]
[Date "2025.06.03"]
[Round "5"]
[White "Tomb, Maroun"]
[Black "Rohit, S"]
[Result "1-0"]
[WhiteTitle "CM"]
[BlackTitle "FM"]
[WhiteElo "2090"]
[BlackElo "2241"]
[WhiteFideId "5300398"]
[BlackFideId "46633847"]
[EventDate "2025.06.03"]

1. e4 e5 2. Nf3 d6 3. Nc3 Nf6 4. d4 Nbd7 5. Bc4 Be7 6. a4 O-O 7. Ba2 c6 8. O-O
Qc7 9. Re1 a5 10. h3 b6 11. dxe5 dxe5 12. Nh4 Nc5 13. Qf3 Ne6 14. Nf5 Nd4 15.
Nxd4 exd4 16. Ne2 Qd8 17. Rd1 Nd7 18. Nxd4 Ne5 19. Qg3 c5 20. Qxe5 cxd4 21. Rxd4
Bf6 22. Bxf7+ Kxf7 23. Qh5+ Kg8 24. Rxd8 Rxd8 25. e5 g6 26. Qe2 Re8 27. Bf4 Bg7
28. Qb5 Bf5 29. g4 Be6 30. Qxb6 Rad8 31. Qxa5 Rd5 32. Qe1 Red8 33. a5 g5 34.
Bxg5 Rf8 35. Bf6 Bh6 36. g5 1-0

[Event "Titled Tue 3rd Jun Early"]
[Site "chess.com INT"]
[Date "2025.06.03"]
[Round "5"]
[White "Khamdamova, Afruza"]
[Black "Vingris, Mikelis"]
[Result "1-0"]
[WhiteTitle "WIM"]
[WhiteElo "2344"]
[BlackElo "2102"]
[WhiteFideId "14210444"]
[BlackFideId "11611731"]
[EventDate "2025.06.03"]

1. e4 c5 2. Nf3 Nc6 3. d4 cxd4 4. Nxd4 Nf6 5. Nc3 e5 6. Ndb5 d6 7. Bg5 a6 8. Na3
b5 9. Nd5 Be7 10. Bxf6 Bxf6 11. c4 b4 12. Nc2 a5 13. g3 O-O 14. Bg2 Rb8 15. b3
Be6 16. O-O Bxd5 17. Qxd5 Ne7 18. Qd3 Qb6 19. Rad1 Rfd8 20. Kh1 g6 21. f4 Bg7
22. Ne3 Rbc8 23. f5 f6 24. fxg6 hxg6 25. Bh3 Rc5 26. Be6+ Kh7 27. Ng4 Rf8 28.
Rf3 Nc6 29. Qf1 g5 30. Nxf6+ Rxf6 31. Rxf6 Bxf6 32. Qxf6 Nd4 33. Bf7 d5 34. Qxb6 1-0

[Event "Titled Tue 3rd Jun Early"]
[Site "chess.com INT"]
[Date "2025.06.03"]
[Round "5"]
[White "Ishvi, Aggarwal"]
[Black "Lloret Ramis, Juan Jose"]
[Result "1-0"]
[WhiteTitle "WCM"]
[BlackTitle "FM"]
[WhiteElo "1954"]
[BlackElo "2019"]
[WhiteFideId "25728890"]
[BlackFideId "2204053"]
[EventDate "2025.06.03"]

1. Nf3 c5 2. c4 Nc6 3. g3 Nf6 4. Bg2 e6 5. d4 d5 6. O-O Be7 7. dxc5 Bxc5 8. Nc3
dxc4 9. Qxd8+ Kxd8 10. Rd1+ Ke7 11. Nd2 Bd7 12. Nxc4 a6 13. Bf4 b5 14. Ne5 Rac8
15. Nxd7 Nxd7 16. Ne4 e5 17. Rxd7+ Kxd7 18. Nxc5+ Ke7 19. Be3 Nd4 20. Nxa6 Nxe2+
21. Kf1 Nd4 22. Nb4 Rc4 23. Nd5+ Ke6 24. Nc3 b4 25. Bd5+ 1-0

[Event "Titled Tue 3rd Jun Early"]
[Site "chess.com INT"]
[Date "2025.06.03"]
[Round "5"]
[White "Triapishko, Alexandr"]
[Black "Dwilewicz, Katarzyna"]
[Result "1-0"]
[WhiteTitle "IM"]
[BlackTitle "WFM"]
[WhiteElo "2459"]
[BlackElo "2207"]
[WhiteFideId "14122286"]
[BlackFideId "1148486"]
[EventDate "2025.06.03"]

1. e4 c5 2. Nf3 e6 3. d4 cxd4 4. Nxd4 Nc6 5. Nc3 Qc7 6. Qd3 Nf6 7. Ndb5 Qb8 8.
Qg3 d6 9. Be3 a6 10. Nd4 Bd7 11. Be2 b5 12. a3 Be7 13. O-O O-O 14. Rad1 Qc7 15.
Bh6 Ne8 16. Bg5 Bxg5 17. Qxg5 Nf6 18. Rd3 Rfd8 19. Rg3 Ne8 20. Nf5 exf5 21. Nd5
Qb7 22. Nf6+ Kh8 23. Nxe8 1-0

[Event "Titled Tue 3rd Jun Early"]
[Site "chess.com INT"]
[Date "2025.06.03"]
[Round "5"]
[White "Heymann, Samuel"]
[Black "Pacheco, Daniel"]
[Result "0-1"]
[WhiteTitle "CM"]
[BlackTitle "FM"]
[WhiteElo "2226"]
[BlackElo "2191"]
[WhiteFideId "4645707"]
[BlackFideId "101680"]
[EventDate "2025.06.03"]

1. e4 c5 2. Nf3 Nc6 3. Bb5 e6 4. O-O Nge7 5. Re1 a6 6. Bf1 Ng6 7. a4 Be7 8. c3
O-O 9. d4 d5 10. e5 cxd4 11. cxd4 Bd7 12. Nc3 Rc8 13. Be3 Na5 14. g3 Qb6 15. Ra2
Qb3 16. Qa1 Nc4 17. Bc1 Bb4 18. Bxc4 Qxc4 19. Bd2 f6 20. exf6 Rxf6 21. Kg2 Rcf8
22. Re3 e5 23. dxe5 Rxf3 24. Rxf3 Rxf3 25. Kxf3 Bxc3 26. Be3 Qe4+ 27. Ke2 Bg4+ 0-1

[Event "Titled Tue 3rd Jun Early"]
[Site "chess.com INT"]
[Date "2025.06.03"]
[Round "5"]
[White "Kulnev, Aleksandr"]
[Black "Olhovik, Andrei"]
[Result "0-1"]
[WhiteTitle "CM"]
[BlackTitle "FM"]
[WhiteElo "2213"]
[BlackElo "2282"]
[WhiteFideId "54157544"]
[BlackFideId "13507397"]
[EventDate "2025.06.03"]

1. d4 d5 2. Nf3 c5 3. g3 Nc6 4. Bg2 Nf6 5. O-O e6 6. c3 Be7 7. Re1 O-O 8. Bf4
cxd4 9. cxd4 Qb6 10. Qb3 Qxb3 11. axb3 Bd7 12. Ne5 Nxd4 13. Nxd7 Nxd7 14. Ra4
Nxb3 15. Nd2 Ndc5 16. Ra2 Nxd2 17. Bxd2 Rfc8 18. Be3 a6 19. Ra3 b5 20. Bxc5 Bxc5
21. Ra2 a5 22. b3 a4 0-1

[Event "Titled Tue 3rd Jun Early"]
[Site "chess.com INT"]
[Date "2025.06.03"]
[Round "5"]
[White "Mihajlovskij, Sergei"]
[Black "FAWOLE, John Oyeyemi"]
[Result "0-1"]
[BlackTitle "FM"]
[WhiteElo "2292"]
[BlackElo "1987"]
[WhiteFideId "13500805"]
[BlackFideId "8501319"]
[EventDate "2025.06.03"]

1. e4 c5 2. Nf3 d6 3. d4 cxd4 4. Qxd4 a6 5. Nc3 Nc6 6. Qd3 Nf6 7. Be2 e6 8. Bf4
Qc7 9. O-O-O Ne5 10. Qd4 Nxf3 11. gxf3 e5 12. Qe3 exf4 13. Qxf4 Be7 14. Rhg1 g6
15. h4 Be6 16. Rh1 h5 17. Rhg1 Rc8 18. Bd3 b5 19. Rg5 b4 20. Ne2 d5 21. e5 Nd7
22. Rxg6 fxg6 23. Bxg6+ Kd8 24. Nd4 Qb6 25. Qe3 Bc5 26. Qg5+ Be7 27. Qe3 Rc4 28.
f4 Rf8 29. f5 Rxd4 30. Rxd4 Bxf5 31. Bxf5 Rxf5 32. e6 Re5 33. exd7 Rxe3 34. fxe3
Qc5 35. Kb1 Kxd7 36. Ka1 Bf6 37. Kb1 Bxd4 38. Ka1 Qxc2 39. exd4 Qc1# 0-1

[Event "Titled Tue 3rd Jun Early"]
[Site "chess.com INT"]
[Date "2025.06.03"]
[Round "5"]
[White "Dann, Matthias"]
[Black "Oparin, Grigoriy"]
[Result "0-1"]
[WhiteTitle "IM"]
[BlackTitle "GM"]
[WhiteElo "2446"]
[BlackElo "2660"]
[WhiteFideId "24638056"]
[BlackFideId "24125890"]
[EventDate "2025.06.03"]

1. e4 c6 2. d4 d5 3. exd5 cxd5 4. Bd3 Nf6 5. c3 Bg4 6. Qb3 Qc8 7. Bf4 Nc6 8. Nd2
Nh5 9. Be3 Nf6 10. Ngf3 e6 11. Bf4 Nh5 12. Be5 Be7 13. O-O O-O 14. Qc2 g6 15. h3
Bxf3 16. Nxf3 Nxe5 17. Nxe5 Qc7 18. Rfe1 Bd6 19. g3 Rae8 20. Re3 f6 21. Nf3 f5
22. Ng5 f4 23. Nxe6 Qc8 24. Nxf4 Bxf4 25. gxf4 Nxf4 26. Rae1 Nxh3+ 27. Kg2 Qg4+
28. Rg3 Nf4+ 29. Kf1 Qxg3 30. fxg3 Nxd3+ 0-1

[Event "Titled Tue 3rd Jun Early"]
[Site "chess.com INT"]
[Date "2025.06.03"]
[Round "5"]
[White "Maghsoodloo, Parham"]
[Black "Aarit Kapil"]
[Result "1-0"]
[WhiteTitle "GM"]
[BlackTitle "CM"]
[WhiteElo "2706"]
[BlackElo "2098"]
[WhiteFideId "12539929"]
[BlackFideId "33408947"]
[EventDate "2025.06.03"]

1. e4 c5 2. Nf3 d6 3. Bb5+ Bd7 4. a4 a6 5. Bc4 e6 6. O-O Nc6 7. Re1 Nf6 8. d3
Be7 9. h3 O-O 10. c3 Na5 11. Ba2 b5 12. axb5 axb5 13. Bf4 b4 14. Nbd2 Nc6 15.
Nc4 e5 16. Bg5 Be6 17. Bb3 Rxa1 18. Qxa1 h6 19. Bxf6 Bxf6 20. Qa6 Qc7 21. Ra1
Rb8 22. Ba4 Bd7 23. Nfd2 Be7 24. Ne3 Rb6 25. Qc4 Be6 26. Nd5 Qa7 27. Nb3 Bf8 28.
Bxc6 1-0

[Event "Titled Tue 3rd Jun Early"]
[Site "chess.com INT"]
[Date "2025.06.03"]
[Round "5"]
[White "Masague Artero, Guerau"]
[Black "Luong Phuong Hanh"]
[Result "0-1"]
[WhiteTitle "FM"]
[BlackTitle "WIM"]
[WhiteElo "2326"]
[BlackElo "2144"]
[WhiteFideId "32098952"]
[BlackFideId "12401013"]
[EventDate "2025.06.03"]

1. e4 c5 2. Nc3 g6 3. h4 h5 4. Nh3 Bg7 5. Ng5 Nc6 6. Bc4 e6 7. d3 Nf6 8. O-O O-O
9. a3 d5 10. Ba2 b6 11. Re1 Qc7 12. exd5 Ng4 13. dxc6 Qh2+ 14. Kf1 Qh1+ 15. Ke2
Qxg2 16. Nce4 f5 17. Rg1 Qh2 18. Nf3 Qc7 19. Neg5 Qxc6 20. Kf1 Bb7 21. Nxe6 Kh8
22. Nxf8 Rxf8 23. Rg3 Re8 24. Bd2 Nh2+ 25. Nxh2 Qh1+ 26. Rg1 Bg2# 0-1

[Event "Titled Tue 3rd Jun Early"]
[Site "chess.com INT"]
[Date "2025.06.03"]
[Round "5"]
[White "Hernandez Izquierdo, Jose A."]
[Black "Sahetchian, Armand"]
[Result "1-0"]
[WhiteTitle "IM"]
[BlackTitle "CM"]
[WhiteElo "2223"]
[BlackElo "2024"]
[WhiteFideId "3527263"]
[BlackFideId "607150"]
[EventDate "2025.06.03"]

1. e4 c6 2. d4 d5 3. exd5 cxd5 4. Nf3 Nf6 5. c4 e6 6. c5 b6 7. Bb5+ Bd7 8. Bxd7+
Nbxd7 9. b4 a5 10. c6 Bxb4+ 11. Bd2 Bxd2+ 12. Nbxd2 Nb8 13. Rc1 Na6 14. O-O O-O
15. Ne5 Nc7 16. a4 Qd6 17. Rb1 Rab8 18. Qe2 Rfc8 19. Rfc1 h6 20. h3 Rd8 21. Rb3
Ne4 22. Nxe4 dxe4 23. Nd7 Rxd7 24. cxd7 Qxd7 25. Qxe4 Qxa4 26. Rbc3 f5 27. Qe5
Nd5 28. Qxb8+ 1-0

[Event "Titled Tue 3rd Jun Early"]
[Site "chess.com INT"]
[Date "2025.06.03"]
[Round "5"]
[White "Cuellar Montes, Alejandro"]
[Black "Zhou, Yuxu"]
[Result "0-1"]
[WhiteTitle "CM"]
[BlackTitle "CM"]
[WhiteElo "2173"]
[BlackElo "2087"]
[WhiteFideId "32096836"]
[BlackFideId "8626421"]
[EventDate "2025.06.03"]

1. d4 d5 2. c4 c6 3. Nc3 Nf6 4. Nf3 dxc4 5. a4 Bf5 6. Ne5 e6 7. Nxc4 c5 8. e3
Nc6 9. dxc5 Qxd1+ 10. Nxd1 Bxc5 11. Bd2 Rd8 12. Be2 O-O 13. O-O Rd7 14. Bc3 Rfd8
15. Bxf6 gxf6 16. Nc3 Bc2 17. Rac1 Bb3 18. Ne4 Be7 19. Nc3 f5 20. Ra1 Bf6 21. a5
Bxc4 22. Bxc4 Rd2 23. a6 Rxb2 24. Na4 Rb4 25. axb7 Rxc4 26. Rab1 Rxa4 27. Rfc1
Nb8 28. Rc8 Kg7 29. g3 Ra6 30. Rbc1 Rb6 31. Rxd8 Bxd8 32. Rc8 Rxb7 33. Rxd8 a5
34. Rd6 a4 35. Rd4 Ra7 36. Rd2 a3 37. Ra2 Nc6 38. Kf1 Nb4 39. Ke2 Nxa2 0-1

[Event "Titled Tue 3rd Jun Early"]
[Site "chess.com INT"]
[Date "2025.06.03"]
[Round "5"]
[White "Dubnevych, Maksym"]
[Black "Thorhallsson, Simon"]
[Result "1-0"]
[WhiteTitle "FM"]
[BlackTitle "FM"]
[WhiteElo "2292"]
[BlackElo "2218"]
[WhiteFideId "14184001"]
[BlackFideId "2310090"]
[EventDate "2025.06.03"]

1. Nc3 d5 2. e4 d4 3. Nce2 e5 4. c3 c5 5. Ng3 Be6 6. Bb5+ Nd7 7. Nf3 f6 8. d3 a6
9. Ba4 b5 10. Bb3 Qb6 11. O-O h5 12. Nh4 Ne7 13. Ngf5 Nxf5 14. exf5 Bxb3 15.
Qxb3 Be7 16. Ng6 Rf8 17. Nxf8 Nxf8 18. a4 Rc8 19. axb5 axb5 20. c4 b4 21. f4 Nd7
22. fxe5 Nxe5 23. Bf4 Bd6 24. Bxe5 Bxe5 25. Qa4+ Ke7 26. Qa7+ Qxa7 27. Rxa7+ Rc7
28. Rxc7+ Bxc7 29. g3 Kf7 30. Kg2 g6 31. fxg6+ Kxg6 32. Kf3 Kg5 33. Ra1 h4 34.
Ra7 Bd6 35. Rd7 Bf8 36. Rd5+ f5 37. g4 1-0

[Event "Titled Tue 3rd Jun Early"]
[Site "chess.com INT"]
[Date "2025.06.03"]
[Round "5"]
[White "Shymanskyi, Oleksandr"]
[Black "Cordoba Roa, Angel Gabriel"]
[Result "0-1"]
[WhiteTitle "FM"]
[BlackTitle "FM"]
[WhiteElo "2218"]
[BlackElo "2394"]
[WhiteFideId "14168880"]
[BlackFideId "3957624"]
[EventDate "2025.06.03"]

1. e4 c5 2. Nf3 d6 3. Bb5+ Nd7 4. O-O a6 5. Bc4 Ngf6 6. Re1 b5 7. Bf1 Bb7 8. a4
Bxe4 9. axb5 axb5 10. Rxa8 Qxa8 11. Bxb5 e6 12. Nc3 Bc6 13. Bxc6 Qxc6 14. d4 Be7
15. Bg5 O-O 16. Bxf6 Nxf6 17. d5 Qd7 18. dxe6 fxe6 19. Ng5 e5 20. Nd5 h6 21.
Nxf6+ Bxf6 22. Qd5+ Kh8 23. Ne4 Rd8 24. Rd1 Qg4 25. Nxc5 dxc5 0-1

[Event "Titled Tue 3rd Jun Early"]
[Site "chess.com INT"]
[Date "2025.06.03"]
[Round "5"]
[White "Karttunen, Mika"]
[Black "Mayta Aiza, Maveric"]
[Result "0-1"]
[WhiteTitle "IM"]
[BlackTitle "CM"]
[WhiteElo "2490"]
[BlackElo "2184"]
[WhiteFideId "502081"]
[BlackFideId "3307336"]
[EventDate "2025.06.03"]

1. e4 c5 2. Nf3 Nc6 3. Bb5 Qc7 4. O-O e5 5. Nc3 Nf6 6. Re1 a6 7. Bf1 d6 8. Nd5
Nxd5 9. exd5 Ne7 10. b4 b6 11. c4 g6 12. a4 Bg7 13. a5 cxb4 14. axb6 Qxb6 15. d4
O-O 16. dxe5 dxe5 17. Nxe5 Nf5 18. Ra2 a5 19. Qa4 b3 20. Rb2 Rb8 21. Nc6 Bd7 22.
Qxa5 Qxa5 23. Nxa5 Bxb2 24. Bxb2 Ra8 25. Bc3 Rfb8 26. c5 b2 27. Rb1 Ne7 28. Bc4
Bf5 29. Rxb2 Rxb2 30. Bxb2 Rxa5 31. d6 Nc6 32. f3 Rxc5 33. Bf1 Rd5 0-1

[Event "Titled Tue 3rd Jun Early"]
[Site "chess.com INT"]
[Date "2025.06.03"]
[Round "5"]
[White "Sydykov, Bayastan"]
[Black "Kilic, Eray"]
[Result "0-1"]
[WhiteTitle "FM"]
[BlackTitle "IM"]
[WhiteElo "2301"]
[BlackElo "2469"]
[WhiteFideId "13829610"]
[BlackFideId "44517173"]
[EventDate "2025.06.03"]

1. e4 c5 2. Nf3 Nc6 3. Bb5 Nf6 4. Nc3 Qc7 5. O-O Nd4 6. Bc4 d6 7. h3 e5 8. d3
Be7 9. Nxd4 cxd4 10. Ne2 O-O 11. Bb3 a5 12. c3 dxc3 13. bxc3 b5 14. a4 bxa4 15.
Bxa4 Be6 16. c4 Rfb8 17. Nc3 Nd7 18. Be3 Nc5 19. Bc2 Qd8 20. f4 exf4 21. Bxf4
Bf6 22. Bd2 a4 23. Rb1 Rxb1 24. Qxb1 a3 25. Qa2 Qa5 26. Nb1 Qb6 27. Rxf6 Nxe4+
28. Kh1 Nxf6 29. Nxa3 d5 30. Qb1 Qxb1+ 31. Nxb1 Ra2 32. Bd1 Rb2 33. Kh2 Rxb1 34.
Bf3 dxc4 35. dxc4 Bxc4 36. Bc3 Rb3 37. Bxf6 gxf6 38. Be4 Kg7 0-1

[Event "Titled Tue 3rd Jun Early"]
[Site "chess.com INT"]
[Date "2025.06.03"]
[Round "5"]
[White "Shukhman, Anna"]
[Black "Lamard, Guillaume"]
[Result "1-0"]
[WhiteTitle "WGM"]
[BlackTitle "GM"]
[WhiteElo "2413"]
[BlackElo "2500"]
[WhiteFideId "54180058"]
[BlackFideId "600261"]
[EventDate "2025.06.03"]

1. e4 c5 2. Nf3 d6 3. d4 cxd4 4. Nxd4 Nf6 5. Nc3 a6 6. Qd3 Nbd7 7. Be2 e6 8. g4
h6 9. Qh3 Qb6 10. Nb3 Qc7 11. g5 Nh7 12. g6 Nhf6 13. gxf7+ Kxf7 14. Be3 Ne5 15.
O-O-O Nc4 16. Bxc4 Qxc4 17. f4 Nxe4 18. Rd4 e5 19. Qh5+ g6 20. Rxc4 gxh5 21.
Nxe4 Bf5 22. fxe5 dxe5 23. Rf1 Ke6 24. Nec5+ Kd5 25. Rc3 Bg4 26. h3 Bxh3 27.
Rd1+ Kc6 28. Ne6+ 1-0

[Event "Titled Tue 3rd Jun Early"]
[Site "chess.com INT"]
[Date "2025.06.03"]
[Round "5"]
[White "Smirnov, Mark"]
[Black "Terkiewicz, Bruno"]
[Result "0-1"]
[WhiteTitle "FM"]
[BlackTitle "CM"]
[WhiteElo "2348"]
[BlackElo "2183"]
[WhiteFideId "13764594"]
[BlackFideId "21093245"]
[EventDate "2025.06.03"]

1. c4 c6 2. c5 e5 3. d4 exd4 4. Qxd4 Na6 5. b4 b6 6. cxb6 Nxb4 7. Na3 Qxb6 8.
Qe4+ Be7 9. Nc4 Qc5 10. Bf4 Nf6 11. Nd6+ Qxd6 12. Bxd6 Nxe4 13. Bxe7 Kxe7 14.
Rc1 Ba6 15. f3 Nf6 16. a3 Nbd5 17. Kf2 Rab8 18. Nh3 Rb2 19. g4 Rhb8 20. g5 Nh5
21. Rg1 Nhf4 22. Nxf4 Nxf4 23. Ke3 Nd5+ 24. Kf2 Ra2 25. Rg4 Rbb2 26. Re4+ Kd8
27. Re1 Nc3 28. Rh4 Bxe2 29. Kg3 Bxf1 30. Rxf1 Rg2+ 31. Kf4 Nd5+ 32. Ke5 Rxg5+
33. Kd6 Nb6 34. Rd4 Nc8# 0-1

[Event "Titled Tue 3rd Jun Early"]
[Site "chess.com INT"]
[Date "2025.06.03"]
[Round "5"]
[White "Aravindhan, Achyuth"]
[Black "Goldin, Roman"]
[Result "1-0"]
[WhiteTitle "CM"]
[BlackTitle "FM"]
[WhiteElo "2098"]
[BlackElo "2296"]
[WhiteFideId "1084216"]
[BlackFideId "2803860"]
[EventDate "2025.06.03"]

1. Nf3 Nf6 2. g3 b5 3. Bg2 Bb7 4. O-O c5 5. d3 g6 6. b3 Bg7 7. Bb2 O-O 8. Nbd2
d6 9. e4 Nc6 10. a4 b4 11. Nc4 Qc7 12. Qe2 Nd7 13. Bxg7 Kxg7 14. h4 e5 15. h5 f5
16. hxg6 hxg6 17. exf5 gxf5 18. Qd2 Rf6 19. Qg5+ Rg6 20. Qxf5 Ne7 21. Qh3 Rh8
22. Nh4 Bxg2 23. Kxg2 Qc6+ 24. f3 Rg5 25. Qe6 Rxh4 26. Qxe7+ Kg6 27. Nxd6 Rh7
28. Qe6+ Kg7 29. Ne8+ Kf8 30. Qxc6 1-0

[Event "Titled Tue 3rd Jun Early"]
[Site "chess.com INT"]
[Date "2025.06.03"]
[Round "5"]
[White "Newansa, M Esandi"]
[Black "Mizzi, Jack"]
[Result "0-1"]
[WhiteTitle "WCM"]
[BlackTitle "CM"]
[WhiteElo "1947"]
[BlackElo "2086"]
[WhiteFideId "9999060"]
[BlackFideId "5602521"]
[EventDate "2025.06.03"]

1. d4 Nf6 2. Bf4 e6 3. e3 b6 4. Nf3 Bb7 5. c4 d5 6. Nc3 Bd6 7. Bg5 Nbd7 8. cxd5
exd5 9. Bd3 h6 10. Bh4 a6 11. O-O O-O 12. Rc1 c5 13. Bb1 Be7 14. dxc5 bxc5 15.
Qd3 a5 16. a3 Ba6 17. Nb5 c4 18. Qf5 Bxb5 19. Nd4 Ba4 20. g4 g6 21. Qf4 Kg7 22.
Kh1 Qb8 23. Qf3 Ne5 24. Nf5+ gxf5 25. Qxf5 Ng6 26. Bg3 Qc8 27. Qf3 Qxg4 28. Qg2
Ne4 29. f3 Nxg3+ 30. hxg3 Qh5+ 31. Kg1 Bc5 32. Rfe1 Rfe8 33. Rc3 Rxe3 34. Rcxe3
Re8 35. g4 Qg5 0-1

[Event "Titled Tue 3rd Jun Early"]
[Site "chess.com INT"]
[Date "2025.06.03"]
[Round "5"]
[White "Logozar, Elijah"]
[Black "Sobek, Jaroslav"]
[Result "1-0"]
[BlackTitle "FM"]
[WhiteElo "1945"]
[BlackElo "2195"]
[WhiteFideId "30963788"]
[BlackFideId "301388"]
[EventDate "2025.06.03"]

1. e4 c5 2. Nf3 a6 3. c4 Nc6 4. d4 cxd4 5. Nxd4 e5 6. Nc2 Bc5 7. Nc3 d6 8. Be2
Be6 9. O-O Nf6 10. Be3 O-O 11. a3 Rc8 12. b4 Bxe3 13. Nxe3 Nd4 14. Rc1 Ne8 15.
Ncd5 f5 16. exf5 Bxf5 17. Nxf5 Nxe2+ 18. Qxe2 Rxf5 19. Qg4 Rf7 20. f4 exf4 21.
Rxf4 Rxf4 22. Qxf4 Nf6 23. Rf1 Nxd5 24. Qf7+ Kh8 25. Qxd5 Rc7 26. c5 Rd7 27. Rd1
h6 28. cxd6 Qb6+ 29. Qc5 Qd8 30. a4 Qf6 31. a5 Qe6 32. Qd5 Qf6 33. h3 1-0

[Event "Titled Tue 3rd Jun Early"]
[Site "chess.com INT"]
[Date "2025.06.03"]
[Round "5"]
[White "Hansen, Sune Berg"]
[Black "Rees, Ioan"]
[Result "1-0"]
[WhiteTitle "GM"]
[BlackTitle "FM"]
[WhiteElo "2503"]
[BlackElo "2288"]
[WhiteFideId "1400266"]
[BlackFideId "1801236"]
[EventDate "2025.06.03"]

1. e4 e5 2. Nf3 Nc6 3. Bb5 a6 4. Ba4 Nf6 5. O-O Nxe4 6. d4 Be7 7. Re1 b5 8. Rxe4
d5 9. Nxe5 Nxe5 10. Rxe5 bxa4 11. b3 O-O 12. Ba3 Bxa3 13. Nxa3 Re8 14. Rxe8+
Qxe8 15. Nb1 Bf5 16. Nc3 axb3 17. axb3 Qc6 18. Qd2 Re8 19. f3 Bg6 20. Ra2 h5 21.
Ne2 h4 22. Kf2 Qf6 23. Nf4 Qg5 24. c3 h3 25. g3 Qf5 26. Rxa6 Qb1 27. g4 Qh1 28.
Kg3 Re1 29. Nxh3 Qf1 30. Ra8+ Kh7 31. Ng5+ Kh6 32. Nxf7+ Kh7 33. Rh8# 1-0

[Event "Titled Tue 3rd Jun Early"]
[Site "chess.com INT"]
[Date "2025.06.03"]
[Round "5"]
[White "Ambartsumova, Karina"]
[Black "Diaz Vasquez, Martin"]
[Result "1-0"]
[WhiteTitle "IM"]
[BlackTitle "CM"]
[WhiteElo "2403"]
[BlackElo "2266"]
[WhiteFideId "4166299"]
[BlackFideId "3410579"]
[EventDate "2025.06.03"]

1. Nf3 Nf6 2. c4 e6 3. Nc3 d5 4. e3 dxc4 5. Bxc4 a6 6. a4 Be7 7. d4 O-O 8. O-O
c5 9. Qe2 cxd4 10. Rd1 Qc7 11. exd4 Nc6 12. Bg5 Nb4 13. Rac1 Bd7 14. Ne4 Qd8 15.
Nc5 Bc6 16. Ne5 Rb8 17. Nxc6 Nxc6 18. Bf4 Bd6 19. Nxe6 fxe6 20. Qxe6+ Kh8 21.
Qxd6 Qe8 22. Qe6 Qxe6 23. Bxe6 Rbe8 24. Bd6 Ne7 25. Rc7 Nfd5 26. Rxb7 Rf6 27.
Bd7 Rd8 28. Be5 Rf7 29. Be6 Rff8 30. Bxd5 1-0

[Event "Titled Tue 3rd Jun Early"]
[Site "chess.com INT"]
[Date "2025.06.03"]
[Round "5"]
[White "Hrabinska, Myroslava"]
[Black "Miserendino, Alfredo"]
[Result "1/2-1/2"]
[WhiteTitle "WGM"]
[WhiteElo "2121"]
[BlackElo "2032"]
[WhiteFideId "14109190"]
[BlackFideId "101800"]
[EventDate "2025.06.03"]

1. e4 c5 2. b4 cxb4 3. a3 e6 4. axb4 Bxb4 5. c3 Be7 6. d4 Nf6 7. e5 Nd5 8. f4
O-O 9. Nf3 f6 10. Bd3 fxe5 11. fxe5 Nf4 12. Bxf4 Rxf4 13. O-O Nc6 14. Bc2 b6 15.
Qd3 g6 16. Nbd2 Bb7 17. Ne4 Na5 18. Qe3 Rf8 19. Qh6 Rc8 20. h4 Bxe4 21. Bxe4
Rxc3 22. Bxg6 hxg6 23. Qxg6+ Kh8 24. Qh6+ Kg8 25. Qg6+ Kh8 26. Qh6+ Kg8 27. Qg6+ 1/2-1/2

[Event "Titled Tue 3rd Jun Early"]
[Site "chess.com INT"]
[Date "2025.06.03"]
[Round "5"]
[White "Hauser, Carlos"]
[Black "Devagharan, Devina"]
[Result "0-1"]
[WhiteTitle "CM"]
[BlackTitle "WFM"]
[WhiteElo "2219"]
[BlackElo "1860"]
[WhiteFideId "24608238"]
[BlackFideId "2061600"]
[EventDate "2025.06.03"]

1. e4 c6 2. d4 d5 3. Nc3 dxe4 4. Nxe4 Nf6 5. Nxf6+ exf6 6. c3 Bd6 7. Bd3 O-O 8.
Qc2 Re8+ 9. Ne2 g6 10. h4 Nd7 11. h5 f5 12. Bd2 Nf6 13. hxg6 fxg6 14. Bg5 Be6
15. O-O-O Be7 16. Rh4 Nh5 17. Bxe7 Qxe7 18. Rdh1 c5 19. g4 fxg4 20. Bxg6 Qg5+
21. Kb1 hxg6 22. Ng3 Nxg3 23. Rh8+ Kg7 24. R1h7+ Kf6 0-1